[Event "Deutsche Ländermeisterschaft 2025"]
[Site "Oer-Erkenschwick GER"]
[Date "2025.10.04"]
[Round "6"]
[White "Gade, Niels Severin"]
[Black "Chakhalov, Mikael"]
[Result "1/2-1/2"]
[Termination "normal"]
[Board "4.6"]
[WhiteElo "1908"]
[BlackElo "1949"]
[WhiteClock "00:17:07"]
[BlackClock "00:42:36"]
[WhiteTeam "Baden"]
[BlackTeam "Berlin"]
[PlyCount "136"]
[WhiteFideId "1346563"]
[BlackFideId "34644458"]
[EventCountry "GER"]
[EventRounds "7"]
[EventType "team-swiss"]
[EventDate "2025.09.30"]

1. e4 {[%clk 01:30:51]} {[%emt 00:00:08]} c5 {[%clk 01:30:30]} {[%emt
00:00:32]} 2. Nf3 {[%clk 01:31:14]} {[%emt 00:00:06]} Nc6 {[%clk 01:30:52]}
{[%emt 00:00:08]} 3. d4 {[%clk 01:31:32]} {[%emt 00:00:13]} cxd4 {[%clk
01:31:18]} {[%emt 00:00:03]} 4. Nxd4 {[%clk 01:31:50]} {[%emt 00:00:12]} Nf6
{[%clk 01:31:43]} {[%emt 00:00:04]} 5. Nc3 {[%clk 01:32:11]} {[%emt 00:00:09]}
d6 {[%clk 01:32:11]} {[%emt 00:00:03]} 6. Nxc6 {[%clk 01:30:36]} {[%emt
00:02:05]} bxc6 {[%clk 01:32:32]} {[%emt 00:00:09]} 7. Bc4 {[%clk 01:30:18]}
{[%emt 00:00:47]} g6 {[%clk 01:29:57]} {[%emt 00:03:05]} 8. e5 {[%clk
01:26:04]} {[%emt 00:04:44]} d5 {[%clk 01:29:10]} {[%emt 00:01:17]} 9. exf6
{[%clk 01:21:18]} {[%emt 00:05:16]} dxc4 {[%clk 01:29:33]} {[%emt 00:00:06]}
10. Qxd8+ {[%clk 01:16:28]} {[%emt 00:05:20]} Kxd8 {[%clk 01:30:02]} {[%emt
00:00:01]} 11. Bg5 {[%clk 01:16:32]} {[%emt 00:00:26]} h6 {[%clk 01:25:16]}
{[%emt 00:05:16]} 12. O-O-O+ {[%clk 01:13:04]} {[%emt 00:03:58]} Ke8 {[%clk
01:25:31]} {[%emt 00:00:16]} 13. fxe7 {[%clk 01:10:31]} {[%emt 00:03:02]} Bxe7
{[%clk 01:23:48]} {[%emt 00:02:12]} 14. Bxe7 {[%clk 01:10:47]} {[%emt
00:00:14]} Kxe7 {[%clk 01:24:16]} {[%emt 00:00:03]} 15. Rhe1+ {[%clk 01:09:40]}
{[%emt 00:01:36]} Be6 {[%clk 01:24:12]} {[%emt 00:00:34]} 16. Ne2 {[%clk
01:07:10]} {[%emt 00:02:58]} Rhd8 {[%clk 01:22:41]} {[%emt 00:02:03]} 17. Nd4
{[%clk 01:07:00]} {[%emt 00:00:39]} Rd6 {[%clk 01:22:25]} {[%emt 00:00:47]} 18.
Nxe6 {[%clk 01:07:05]} {[%emt 00:00:24]} Rxe6 {[%clk 01:22:17]} {[%emt
00:00:39]} 19. Rxe6+ {[%clk 01:07:06]} {[%emt 00:00:29]} Kxe6 {[%clk 01:22:41]}
{[%emt 00:00:06]} 20. Rd4 {[%clk 01:07:16]} {[%emt 00:00:20]} c5 {[%clk
01:21:56]} {[%emt 00:01:16]} 21. Rxc4 {[%clk 01:07:27]} {[%emt 00:00:19]} Kd5
{[%clk 01:22:24]} {[%emt 00:00:02]} 22. Rc3 {[%clk 01:07:37]} {[%emt 00:00:19]}
Rb8 {[%clk 01:21:33]} {[%emt 00:01:21]} 23. b3 {[%clk 01:07:08]} {[%emt
00:00:59]} f5 {[%clk 01:20:23]} {[%emt 00:01:41]} 24. Rd3+ {[%clk 01:06:33]}
{[%emt 00:01:04]} Ke5 {[%clk 01:20:23]} {[%emt 00:00:31]} 25. c4 {[%clk
01:06:19]} {[%emt 00:00:45]} Rc8 {[%clk 01:20:15]} {[%emt 00:00:38]} 26. Rd7
{[%clk 01:04:10]} {[%emt 00:02:38]} a6 {[%clk 01:20:32]} {[%emt 00:00:13]} 27.
Kc2 {[%clk 01:01:18]} {[%emt 00:03:22]} Rc6 {[%clk 01:20:25]} {[%emt 00:00:38]}
28. Kc3 {[%clk 00:59:00]} {[%emt 00:02:47]} f4 {[%clk 01:19:12]} {[%emt
00:01:43]} 29. f3 {[%clk 00:56:23]} {[%emt 00:03:08]} g5 {[%clk 01:19:32]}
{[%emt 00:00:09]} 30. a3 {[%clk 00:53:32]} {[%emt 00:03:21]} Kf6 {[%clk
01:17:12]} {[%emt 00:02:50]} 31. Rd5 {[%clk 00:51:41]} {[%emt 00:02:21]} a5
{[%clk 01:17:13]} {[%emt 00:00:30]} 32. Kd2 {[%clk 00:48:01]} {[%emt 00:04:09]}
Ke6 {[%clk 01:13:50]} {[%emt 00:03:52]} 33. h3 {[%clk 00:43:27]} {[%emt
00:05:04]} Ke7 {[%clk 01:13:11]} {[%emt 00:01:07]} 34. Ke2 {[%clk 00:38:30]}
{[%emt 00:05:28]} Ke6 {[%clk 01:05:48]} {[%emt 00:07:54]} 35. Kf2 {[%clk
00:37:38]} {[%emt 00:01:22]} Kf6 {[%clk 01:01:46]} {[%emt 00:04:32]} 36. Kg1
{[%clk 00:35:54]} {[%emt 00:02:13]} a4 {[%clk 01:00:13]} {[%emt 00:02:04]} 37.
bxa4 {[%clk 00:35:52]} {[%emt 00:00:31]} Ra6 {[%clk 01:00:34]} {[%emt
00:00:09]} 38. Rxc5 {[%clk 00:36:07]} {[%emt 00:00:16]} Rxa4 {[%clk 01:01:00]}
{[%emt 00:00:04]} 39. Rc6+ {[%clk 00:36:08]} {[%emt 00:00:29]} Kg7 {[%clk
01:01:26]} {[%emt 00:00:05]} 40. c5 {[%clk 00:34:59]} {[%emt 00:01:39]} Rxa3
{[%clk 01:01:54]} {[%emt 00:00:02]} 41. Rc7+ {[%clk 00:35:05]} {[%emt
00:00:23]} Kf6 {[%clk 01:00:56]} {[%emt 00:01:28]} 42. Rc8 {[%clk 00:34:21]}
{[%emt 00:01:14]} Rc3 {[%clk 01:00:52]} {[%emt 00:00:35]} 43. Kh2 {[%clk
00:32:52]} {[%emt 00:01:58]} h5 {[%clk 00:58:00]} {[%emt 00:03:22]} 44. c6
{[%clk 00:31:24]} {[%emt 00:01:57]} Rc1 {[%clk 00:57:17]} {[%emt 00:01:13]} 45.
h4 {[%clk 00:30:20]} {[%emt 00:01:34]} gxh4 {[%clk 00:55:09]} {[%emt 00:02:38]}
46. Rh8 {[%clk 00:29:57]} {[%emt 00:00:54]} Kg6 {[%clk 00:54:33]} {[%emt
00:01:06]} 47. Rc8 {[%clk 00:29:57]} {[%emt 00:00:27]} Kf6 {[%clk 00:50:27]}
{[%emt 00:04:38]} 48. c7 {[%clk 00:29:55]} {[%emt 00:00:33]} Kg7 {[%clk
00:50:54]} {[%emt 00:00:03]} 49. Re8 {[%clk 00:29:05]} {[%emt 00:01:18]} Rxc7
{[%clk 00:51:14]} {[%emt 00:00:12]} 50. Re4 {[%clk 00:29:15]} {[%emt 00:00:18]}
Rf7 {[%clk 00:46:01]} {[%emt 00:05:44]} 51. Kh3 {[%clk 00:29:25]} {[%emt
00:00:20]} Rf5 {[%clk 00:46:08]} {[%emt 00:00:23]} 52. Kxh4 {[%clk 00:29:25]}
{[%emt 00:00:30]} Kh7 {[%clk 00:46:24]} {[%emt 00:00:11]} 53. Ra4 {[%clk
00:28:32]} {[%emt 00:01:25]} Kg7 {[%clk 00:46:33]} {[%emt 00:00:19]} 54. Ra7+
{[%clk 00:27:38]} {[%emt 00:01:26]} Kg6 {[%clk 00:46:24]} {[%emt 00:00:39]} 55.
Ra8 {[%clk 00:27:40]} {[%emt 00:00:28]} Kg7 {[%clk 00:46:48]} {[%emt 00:00:06]}
56. Re8 {[%clk 00:26:44]} {[%emt 00:01:24]} Kh7 {[%clk 00:47:02]} {[%emt
00:00:17]} 57. Kh3 {[%clk 00:26:43]} {[%emt 00:00:31]} Kg7 {[%clk 00:45:56]}
{[%emt 00:01:36]} 58. Re4 {[%clk 00:25:38]} {[%emt 00:01:35]} Kg6 {[%clk
00:45:40]} {[%emt 00:00:44]} 59. Re6+ {[%clk 00:24:19]} {[%emt 00:01:50]} Kg7
{[%clk 00:45:57]} {[%emt 00:00:09]} 60. Kh2 {[%clk 00:24:02]} {[%emt 00:00:50]}
Kh7 {[%clk 00:45:51]} {[%emt 00:00:33]} 61. Kg1 {[%clk 00:23:10]} {[%emt
00:01:26]} Kg7 {[%clk 00:46:01]} {[%emt 00:00:15]} 62. Kf2 {[%clk 00:23:02]}
{[%emt 00:00:44]} Kh7 {[%clk 00:45:56]} {[%emt 00:00:34]} 63. Rb6 {[%clk
00:22:13]} {[%emt 00:01:17]} Kg7 {[%clk 00:46:09]} {[%emt 00:00:20]} 64. Rb2
{[%clk 00:22:13]} {[%emt 00:00:30]} Re5 {[%clk 00:43:48]} {[%emt 00:02:51]} 65.
Rb6 {[%clk 00:21:13]} {[%emt 00:01:29]} Rf5 {[%clk 00:43:29]} {[%emt 00:00:50]}
66. Rb4 {[%clk 00:17:46]} {[%emt 00:03:56]} Kg6 {[%clk 00:43:02]} {[%emt
00:00:57]} 67. g4 {[%clk 00:16:39]} {[%emt 00:01:37]} fxg3+ {[%clk 00:43:13]}
{[%emt 00:00:09]} 68. Kxg3 {[%clk 00:17:07]} Rf6 {[%clk 00:42:36]} {[%emt
00:01:19]} 1/2-1/2

[Event "Deutsche Ländermeisterschaft 2025"]
[Site "Oer-Erkenschwick GER"]
[Date "2025.10.04"]
[Round "6"]
[White "Fock, Madiha"]
[Black "Färber, Anna"]
[Result "1-0"]
[Termination "normal"]
[Board "4.7"]
[WhiteElo "1855"]
[BlackElo "1780"]
[WhiteClock "00:11:03"]
[BlackClock "00:12:10"]
[WhiteTeam "Berlin"]
[BlackTeam "Baden"]
[PlyCount "71"]
[WhiteFideId "16253574"]
[BlackFideId "34633480"]
[EventCountry "GER"]
[EventRounds "7"]
[EventType "team-swiss"]
[EventDate "2025.09.30"]

1. e4 {[%clk 01:30:57]} {[%emt 00:00:02]} c5 {[%clk 01:30:54]} {[%emt
00:00:06]} 2. Nf3 {[%clk 01:31:24]} {[%emt 00:00:04]} d6 {[%clk 01:31:21]}
{[%emt 00:00:03]} 3. d4 {[%clk 01:31:50]} {[%emt 00:00:04]} cxd4 {[%clk
01:31:47]} {[%emt 00:00:04]} 4. Nxd4 {[%clk 01:32:18]} {[%emt 00:00:03]} Nf6
{[%clk 01:32:08]} {[%emt 00:00:08]} 5. Nc3 {[%clk 01:32:43]} {[%emt 00:00:05]}
a6 {[%clk 01:32:35]} {[%emt 00:00:03]} 6. Bg5 {[%clk 01:33:08]} {[%emt
00:00:06]} e6 {[%clk 01:32:39]} {[%emt 00:00:25]} 7. f4 {[%clk 01:33:00]}
{[%emt 00:00:38]} h6 {[%clk 01:31:28]} {[%emt 00:01:41]} 8. Bh4 {[%clk
01:31:24]} {[%emt 00:02:05]} Qb6 {[%clk 01:31:50]} {[%emt 00:00:07]} 9. a3
{[%clk 01:31:03]} {[%emt 00:00:52]} Be7 {[%clk 01:31:21]} {[%emt 00:00:59]} 10.
Bf2 {[%clk 01:25:36]} {[%emt 00:05:58]} Qc7 {[%clk 01:30:53]} {[%emt 00:00:58]}
11. Bd3 {[%clk 01:20:36]} {[%emt 00:05:31]} Nbd7 {[%clk 01:27:36]} {[%emt
00:03:45]} 12. Qe2 {[%clk 01:15:12]} {[%emt 00:05:55]} b5 {[%clk 01:23:35]}
{[%emt 00:04:31]} 13. O-O-O {[%clk 01:09:40]} {[%emt 00:06:02]} Bb7 {[%clk
01:19:48]} {[%emt 00:04:17]} 14. Rhg1 {[%clk 01:05:43]} {[%emt 00:04:28]} Nc5
{[%clk 01:13:58]} {[%emt 00:06:20]} 15. g4 {[%clk 00:58:20]} {[%emt 00:07:53]}
d5 {[%clk 01:06:05]} {[%emt 00:08:22]} 16. e5 {[%clk 00:55:45]} {[%emt
00:03:06]} Nfe4 {[%clk 01:04:10]} {[%emt 00:02:25]} 17. Bxe4 {[%clk 00:54:17]}
{[%emt 00:01:58]} Nxe4 {[%clk 01:04:08]} {[%emt 00:00:32]} 18. Nxe4 {[%clk
00:54:20]} {[%emt 00:00:26]} dxe4 {[%clk 01:04:33]} {[%emt 00:00:05]} 19. f5
{[%clk 00:46:04]} {[%emt 00:08:47]} Bd5 {[%clk 00:52:29]} {[%emt 00:12:33]} 20.
fxe6 {[%clk 00:41:28]} {[%emt 00:05:06]} fxe6 {[%clk 00:51:48]} {[%emt
00:01:11]} 21. h4 {[%clk 00:36:12]} {[%emt 00:05:47]} b4 {[%clk 00:47:35]}
{[%emt 00:04:42]} 22. axb4 {[%clk 00:23:17]} {[%emt 00:13:25]} Bxb4 {[%clk
00:46:33]} {[%emt 00:01:32]} 23. g5 {[%clk 00:21:23]} {[%emt 00:02:24]} hxg5
{[%clk 00:40:50]} {[%emt 00:06:13]} 24. Rxg5 {[%clk 00:19:48]} {[%emt
00:02:06]} Qa5 {[%clk 00:40:06]} 25. c3 {[%clk 00:19:16]} {[%emt 00:02:15]} Rc8
{[%clk 00:39:21]} 26. Nc2 {[%clk 00:18:02]} {[%emt 00:03:00]} Bxc3 {[%clk
00:33:46]} 27. bxc3 {[%clk 00:16:50]} {[%emt 00:07:46]} Qxc3 {[%clk 00:34:09]}
{[%emt 00:00:07]} 28. Bd4 {[%clk 00:16:37]} {[%emt 00:00:43]} Qc6 {[%clk
00:27:24]} {[%emt 00:07:13]} 29. Rxg7 {[%clk 00:14:20]} {[%emt 00:02:50]} Bb3
{[%clk 00:20:33]} {[%emt 00:07:19]} 30. Rd2 {[%clk 00:12:33]} {[%emt 00:02:17]}
Qa4 {[%clk 00:19:59]} {[%emt 00:01:04]} 31. Qg2 {[%clk 00:11:06]} {[%emt
00:01:57]} Rxc2+ {[%clk 00:12:26]} {[%emt 00:08:04]} 32. Rxc2 {[%clk 00:11:24]}
{[%emt 00:00:12]} Bxc2 {[%clk 00:12:13]} {[%emt 00:00:43]} 33. Qg6+ {[%clk
00:10:13]} {[%emt 00:01:41]} Kd8 {[%clk 00:12:21]} {[%emt 00:00:20]} 34. Qf6+
{[%clk 00:10:37]} {[%emt 00:00:06]} Kc8 {[%clk 00:12:23]} {[%emt 00:00:28]} 35.
Qxe6+ {[%clk 00:11:03]} {[%emt 00:00:05]} Kd8 {[%clk 00:12:10]} {[%emt
00:00:43]} 36. Bb6# {[%emt 00:00:08]} 1-0

[Event "Deutsche Ländermeisterschaft 2025"]
[Site "Oer-Erkenschwick GER"]
[Date "2025.10.04"]
[Round "6"]
[White "Kübart, Ela Marie"]
[Black "Klymenko, Maria"]
[Result "1/2-1/2"]
[Termination "normal"]
[Board "4.8"]
[WhiteElo "1628"]
[BlackElo "1728"]
[WhiteClock "01:11:17"]
[BlackClock "00:03:35"]
[WhiteTeam "Baden"]
[BlackTeam "Berlin"]
[PlyCount "67"]
[WhiteFideId "34633723"]
[BlackFideId "34620621"]
[EventCountry "GER"]
[EventRounds "7"]
[EventType "team-swiss"]
[EventDate "2025.09.30"]

1. d4 {[%clk 01:30:59]} {[%emt 00:00:01]} e6 {[%clk 01:30:52]} {[%emt
00:00:08]} 2. Nf3 {[%clk 01:31:19]} {[%emt 00:00:09]} f5 {[%clk 01:31:16]}
{[%emt 00:00:06]} 3. e3 {[%clk 01:31:33]} {[%emt 00:00:17]} b6 {[%clk
01:31:38]} {[%emt 00:00:08]} 4. Bd3 {[%clk 01:31:36]} {[%emt 00:00:26]} Bb7
{[%clk 01:32:01]} {[%emt 00:00:08]} 5. O-O {[%clk 01:31:49]} {[%emt 00:00:16]}
Nf6 {[%clk 01:32:21]} {[%emt 00:00:11]} 6. Nbd2 {[%clk 01:31:57]} {[%emt
00:00:21]} Be7 {[%clk 01:32:42]} {[%emt 00:00:09]} 7. c3 {[%clk 01:32:13]}
{[%emt 00:00:15]} O-O {[%clk 01:33:03]} {[%emt 00:00:09]} 8. Re1 {[%clk
01:32:29]} {[%emt 00:00:13]} Ne4 {[%emt 00:01:19]} 9. Qc2 {[%clk 01:30:38]}
{[%emt 00:01:40]} Nxd2 {[%clk 01:29:31]} {[%emt 00:03:56]} 10. Nxd2 {[%clk
01:30:43]} {[%emt 00:00:24]} d5 {[%clk 01:18:39]} {[%emt 00:11:22]} 11. f4
{[%clk 01:30:26]} {[%emt 00:00:47]} Nd7 {[%clk 01:16:22]} {[%emt 00:02:47]} 12.
Nf3 {[%clk 01:30:45]} {[%emt 00:00:11]} Nf6 {[%clk 01:14:29]} {[%emt 00:02:22]}
13. Ne5 {[%clk 01:30:56]} {[%emt 00:00:20]} Ne4 {[%clk 01:13:54]} {[%emt
00:01:05]} 14. Rf1 {[%clk 01:29:16]} {[%emt 00:02:09]} c5 {[%clk 01:03:29]}
{[%emt 00:10:57]} 15. Rf3 {[%clk 01:29:29]} {[%emt 00:00:15]} c4 {[%clk
01:00:07]} {[%emt 00:03:53]} 16. Bxe4 {[%clk 01:29:47]} {[%emt 00:00:12]} fxe4
{[%clk 00:58:41]} {[%emt 00:01:55]} 17. Rh3 {[%clk 01:29:51]} {[%emt 00:00:20]}
Bd6 {[%clk 00:51:56]} {[%emt 00:07:21]} 18. Qe2 {[%clk 01:29:52]} {[%emt
00:00:28]} Bxe5 {[%clk 00:51:31]} {[%emt 00:00:56]} 19. fxe5 {[%clk 01:29:56]}
{[%emt 00:00:26]} Qg5 {[%clk 00:50:04]} {[%emt 00:01:53]} 20. Bd2 {[%clk
01:28:35]} {[%emt 00:01:53]} h6 {[%clk 00:37:47]} {[%emt 00:12:49]} 21. Rg3
{[%clk 01:27:35]} {[%emt 00:01:29]} Qf5 {[%clk 00:37:21]} {[%emt 00:00:58]} 22.
Rg4 {[%clk 01:25:59]} {[%emt 00:02:00]} Qh7 {[%clk 00:32:32]} {[%emt 00:05:22]}
23. Rg3 {[%clk 01:20:42]} {[%emt 00:05:45]} Rf5 {[%clk 00:19:18]} {[%emt
00:13:47]} 24. Rf1 {[%clk 01:19:23]} {[%emt 00:01:51]} Raf8 {[%clk 00:18:08]}
{[%emt 00:01:39]} 25. Rf4 {[%clk 01:18:29]} {[%emt 00:01:21]} Rxf4 {[%clk
00:13:21]} {[%emt 00:05:21]} 26. exf4 {[%clk 01:18:46]} {[%emt 00:00:12]} Qf5
{[%clk 00:10:46]} {[%emt 00:03:05]} 27. Qg4 {[%clk 01:17:32]} {[%emt 00:01:42]}
Qxg4 {[%clk 00:10:21]} {[%emt 00:00:58]} 28. Rxg4 {[%clk 01:17:53]} {[%emt
00:00:09]} Bc6 {[%clk 00:10:11]} {[%emt 00:00:39]} 29. Rg3 {[%clk 01:16:31]}
{[%emt 00:01:49]} Kh7 {[%clk 00:08:36]} {[%emt 00:02:08]} 30. Rh3 {[%clk
01:16:11]} {[%emt 00:00:48]} Be8 {[%clk 00:06:20]} {[%emt 00:02:48]} 31. g4
{[%clk 01:16:24]} {[%emt 00:00:18]} h5 {[%clk 00:04:29]} {[%emt 00:02:20]} 32.
Kg2 {[%clk 01:12:03]} {[%emt 00:04:51]} g6 {[%clk 00:03:42]} {[%emt 00:01:18]}
33. g5 {[%clk 01:11:43]} {[%emt 00:00:50]} Ba4 {[%clk 00:03:35]} {[%emt
00:00:35]} 34. a3 {[%clk 01:11:17]} {[%emt 00:00:58]} 1/2-1/2

[Event "Deutsche Ländermeisterschaft 2025"]
[Site "Oer-Erkenschwick GER"]
[Date "2025.10.04"]
[Round "6"]
[White "Sauer, Tim"]
[Black "Farokhi, Keyvan"]
[Result "0-1"]
[Termination "normal"]
[Board "5.1"]
[WhiteTitle "CM"]
[BlackTitle "FM"]
[WhiteElo "2234"]
[BlackElo "2384"]
[WhiteClock "00:01:41"]
[BlackClock "00:49:33"]
[WhiteTeam "Niedersachsen"]
[BlackTeam "Schleswig-Holstein"]
[PlyCount "57"]
[WhiteFideId "16265726"]
[BlackFideId "12998630"]
[EventCountry "GER"]
[EventRounds "7"]
[EventType "team-swiss"]
[EventDate "2025.09.30"]

1. c4 {[%clk 01:30:55]} {[%emt 00:00:05]} Nf6 {[%clk 01:30:22]} {[%emt
00:00:39]} 2. Nf3 {[%clk 01:31:19]} {[%emt 00:00:06]} e6 {[%clk 01:29:39]}
{[%emt 00:01:13]} 3. b3 {[%clk 01:31:39]} {[%emt 00:00:10]} d5 {[%clk
01:28:16]} {[%emt 00:01:52]} 4. Bb2 {[%clk 01:31:55]} {[%emt 00:00:14]} c5
{[%clk 01:28:27]} {[%emt 00:00:20]} 5. e3 {[%clk 01:31:54]} {[%emt 00:00:31]}
Nc6 {[%clk 01:28:48]} {[%emt 00:00:08]} 6. cxd5 {[%clk 01:32:07]} {[%emt
00:00:18]} exd5 {[%clk 01:29:11]} {[%emt 00:00:06]} 7. Bb5 {[%clk 01:31:53]}
{[%emt 00:00:44]} Bd7 {[%clk 01:28:38]} {[%emt 00:01:03]} 8. O-O {[%clk
01:29:30]} {[%emt 00:02:53]} Bd6 {[%clk 01:27:49]} {[%emt 00:01:18]} 9. d4
{[%clk 01:28:39]} {[%emt 00:01:22]} cxd4 {[%clk 01:27:58]} {[%emt 00:00:22]}
10. Nxd4 {[%clk 01:27:54]} {[%emt 00:01:14]} O-O {[%clk 01:28:02]} {[%emt
00:00:26]} 11. Nc3 {[%clk 01:22:53]} {[%emt 00:05:31]} Re8 {[%clk 01:20:59]}
{[%emt 00:07:33]} 12. Nxc6 {[%clk 01:01:12]} {[%emt 00:22:11]} bxc6 {[%clk
01:21:12]} {[%emt 00:00:17]} 13. Be2 {[%clk 01:01:34]} {[%emt 00:00:07]} Qe7
{[%clk 01:19:51]} {[%emt 00:01:51]} 14. Bf3 {[%clk 00:41:04]} {[%emt 00:21:01]}
h5 {[%clk 01:10:06]} {[%emt 00:10:15]} 15. Re1 {[%clk 00:32:39]} {[%emt
00:08:55]} Ng4 {[%clk 01:00:54]} {[%emt 00:09:42]} 16. g3 {[%clk 00:27:36]}
{[%emt 00:05:33]} Qg5 {[%clk 01:00:05]} {[%emt 00:01:19]} 17. Bg2 {[%clk
00:16:18]} {[%emt 00:11:49]} h4 {[%clk 00:58:57]} {[%emt 00:01:37]} 18. Ne4
{[%clk 00:08:46]} {[%emt 00:08:02]} Rxe4 {[%clk 00:58:36]} {[%emt 00:00:51]}
19. Bxe4 {[%clk 00:08:25]} {[%emt 00:00:52]} hxg3 {[%clk 00:55:42]} {[%emt
00:03:24]} 20. fxg3 {[%clk 00:01:40]} {[%emt 00:07:15]} Nxh2 {[%clk 00:53:45]}
{[%emt 00:02:27]} 21. Qc2 {[%clk 00:00:39]} {[%emt 00:01:31]} Bxg3 {[%clk
00:49:26]} {[%emt 00:04:49]} 22. Qg2 {[%clk 00:00:34]} {[%emt 00:00:35]} dxe4
{[%clk 00:49:42]} {[%emt 00:00:14]} 23. Red1 {[%clk 00:00:34]} {[%emt
00:00:31]} Qxe3+ {[%clk 00:49:10]} {[%emt 00:01:01]} 24. Kh1 {[%clk 00:00:54]}
{[%emt 00:00:11]} Bg4 {[%clk 00:49:10]} {[%emt 00:00:29]} 25. Re1 {[%clk
00:00:47]} {[%emt 00:00:37]} Bxe1 {[%clk 00:48:58]} {[%emt 00:00:42]} 26. Kxh2
{[%clk 00:00:59]} {[%emt 00:00:19]} Qh6+ {[%clk 00:48:48]} {[%emt 00:00:38]}
27. Kg1 {[%clk 00:01:15]} {[%emt 00:00:15]} Bf3 {[%clk 00:49:08]} {[%emt
00:00:10]} 28. Qxg7+ {[%clk 00:01:15]} {[%emt 00:00:29]} Qxg7+ {[%clk
00:49:33]} {[%emt 00:00:06]} 29. Bxg7 {[%clk 00:01:41]} {[%emt 00:00:04]} 0-1

[Event "Deutsche Ländermeisterschaft 2025"]
[Site "Oer-Erkenschwick GER"]
[Date "2025.10.04"]
[Round "6"]
[White "Guo, Philipp Ziming"]
[Black "Sieber, Bert"]
[Result "1/2-1/2"]
[Termination "normal"]
[Board "5.2"]
[WhiteElo "2204"]
[BlackElo "2177"]
[WhiteClock "00:07:24"]
[BlackClock "00:03:06"]
[WhiteTeam "Schleswig-Holstein"]
[BlackTeam "Niedersachsen"]
[PlyCount "65"]
[WhiteFideId "16245199"]
[BlackFideId "16265971"]
[EventCountry "GER"]
[EventRounds "7"]
[EventType "team-swiss"]
[EventDate "2025.09.30"]

1. e4 {[%clk 01:30:44]} {[%emt 00:00:15]} c5 {[%clk 01:30:55]} {[%emt
00:00:05]} 2. Nf3 {[%clk 01:30:51]} {[%emt 00:00:23]} e6 {[%clk 01:31:18]}
{[%emt 00:00:08]} 3. d4 {[%clk 01:31:12]} {[%emt 00:00:08]} cxd4 {[%clk
01:31:42]} {[%emt 00:00:06]} 4. Nxd4 {[%clk 01:31:37]} {[%emt 00:00:04]} a6
{[%clk 01:32:01]} {[%emt 00:00:12]} 5. Bd3 {[%clk 01:31:56]} {[%emt 00:00:08]}
Bc5 {[%clk 01:32:25]} {[%emt 00:00:07]} 6. Nb3 {[%clk 01:32:19]} {[%emt
00:00:08]} Ba7 {[%clk 01:32:50]} {[%emt 00:00:07]} 7. Bf4 {[%clk 01:32:21]}
{[%emt 00:00:26]} Ne7 {[%clk 01:19:03]} {[%emt 00:14:18]} 8. Nc3 {[%clk
01:32:40]} {[%emt 00:00:10]} b5 {[%clk 01:10:18]} {[%emt 00:09:16]} 9. Qd2
{[%clk 01:22:55]} {[%emt 00:10:14]} d5 {[%clk 01:05:01]} {[%emt 00:05:48]} 10.
exd5 {[%clk 01:20:59]} {[%emt 00:02:25]} exd5 {[%clk 01:01:18]} {[%emt
00:04:14]} 11. O-O-O {[%clk 01:14:23]} {[%emt 00:07:05]} Nbc6 {[%clk 00:53:03]}
{[%emt 00:08:46]} 12. Be2 {[%clk 01:02:17]} {[%emt 00:12:35]} d4 {[%clk
00:50:24]} {[%emt 00:03:10]} 13. Bf3 {[%clk 00:56:39]} {[%emt 00:06:07]} Be6
{[%clk 00:44:01]} {[%emt 00:06:53]} 14. Ne4 {[%clk 00:45:19]} {[%emt 00:11:49]}
O-O {[%clk 00:44:15]} {[%emt 00:00:17]} 15. h4 {[%clk 00:41:32]} {[%emt
00:04:17]} a5 {[%clk 00:34:55]} {[%emt 00:09:51]} 16. Kb1 {[%clk 00:41:37]}
{[%emt 00:00:25]} a4 {[%clk 00:28:09]} {[%emt 00:07:16]} 17. Nc1 {[%clk
00:42:02]} {[%emt 00:00:04]} Nd5 {[%clk 00:26:06]} {[%emt 00:02:34]} 18. Ne2
{[%clk 00:38:36]} {[%emt 00:03:55]} b4 {[%clk 00:18:20]} {[%emt 00:08:16]} 19.
Ng5 {[%clk 00:35:46]} {[%emt 00:03:18]} Bc5 {[%clk 00:16:07]} {[%emt 00:02:46]}
20. Qd3 {[%clk 00:30:29]} {[%emt 00:05:46]} g6 {[%clk 00:16:22]} {[%emt
00:00:15]} 21. Be4 {[%clk 00:23:34]} {[%emt 00:07:24]} Qf6 {[%clk 00:13:31]}
{[%emt 00:03:22]} 22. g3 {[%clk 00:21:20]} {[%emt 00:02:44]} b3 {[%clk
00:12:23]} {[%emt 00:01:38]} 23. a3 {[%clk 00:21:15]} {[%emt 00:00:36]} Ncb4
{[%clk 00:07:30]} {[%emt 00:05:22]} 24. axb4 {[%clk 00:19:43]} {[%emt
00:02:03]} Nxb4 {[%clk 00:07:51]} {[%emt 00:00:08]} 25. Qb5 {[%clk 00:18:32]}
{[%emt 00:01:40]} bxc2+ {[%clk 00:05:52]} {[%emt 00:02:30]} 26. Bxc2 {[%clk
00:18:25]} {[%emt 00:00:37]} Nxc2 {[%clk 00:03:59]} {[%emt 00:02:23]} 27. Nxe6
{[%clk 00:15:01]} {[%emt 00:03:54]} Qxe6 {[%clk 00:02:20]} {[%emt 00:02:09]}
28. Qxc5 {[%clk 00:13:59]} {[%emt 00:01:31]} Rfc8 {[%clk 00:02:15]} {[%emt
00:00:35]} 29. Qe5 {[%clk 00:13:31]} {[%emt 00:00:58]} Qb3 {[%clk 00:02:28]}
{[%emt 00:00:18]} 30. Bh6 {[%clk 00:06:03]} {[%emt 00:07:57]} Na3+ {[%clk
00:02:32]} {[%emt 00:00:27]} 31. Ka1 {[%clk 00:06:31]} {[%emt 00:00:02]} Nc2+
{[%clk 00:02:59]} {[%emt 00:00:03]} 32. Kb1 {[%clk 00:06:57]} {[%emt 00:00:04]}
Na3+ {[%clk 00:03:06]} {[%emt 00:00:23]} 33. Ka1 {[%clk 00:07:24]} {[%emt
00:00:03]} 1/2-1/2